| 000 | 00529nam a2200145Ia 4500 | ||
|---|---|---|---|
| 008 | 170221s9999 xx 000 0 und d | ||
| 100 | _aRabiul Islam | ||
| 245 | 3 | _aAn Analysis of Factors that Affecting the Number of Car Sales in Malaysia | |
| 245 | _cRabiul Islam, Ahmad Bashawir Abdul Ghani, Bobby Kusuma, Eric Teh Yew Ho | ||
| 260 | _bInternational Review of Management and Marketing | ||
| 260 | _cJune 2016 | ||
| 300 | _a5:2 | ||
| 650 | _xMarketing. | ||
| 856 | _uhttp://www.econjournals.com/index.php/irmm/issue/view/88 | ||
| 999 |
_c309998 _d309998 |
||